| Tag |
First Indicator |
Second Indicator |
Subfields |
| LEADER |
00000cam a2200000 i 4500 |
| 001 |
in00000809813 |
| 005 |
20151017102959.0 |
| 008 |
790920s1979 dcua b f00010 eng d |
| 010 |
|
|
|a gp 79022541
|
| 020 |
|
|
|c pbk.
|
| 035 |
|
|
|a (OCoLC)05417462
|
| 035 |
|
|
|9 ADT7190AM
|
| 037 |
|
|
|b 22161
|
| 040 |
|
|
|a GPO
|c GPO
|d UtOrBLW
|
| 074 |
|
|
|a 431-I-12
|
| 086 |
0 |
|
|a EP 1.23/2:600/2-79-034
|
| 100 |
1 |
|
|a Hegg, Bob A.
|
| 245 |
1 |
0 |
|a Evaluation of operation and maintenance factors limiting municipal wastewater treatment plant performance /
|c by Bob A. Hegg, Kerwin L. Rakness, James R. Schultz, M & I, inc.
|
| 264 |
|
1 |
|a Cincinnati, Ohio :
|b Environmental Protection Agency, Office of Research and Development, [Office of Energy, Minerals, and Industry], Municipal Environmental Research Laboratory ;
|c 1979.
|
| 264 |
|
2 |
|a Springfield, Va. :
|b For sale by the National Technical Information Service,
|
| 300 |
|
|
|a xv, 157 pages :
|b illustrations ;
|c 28 cm.
|
| 336 |
|
|
|a text
|b txt
|2 rdacontent
|
| 337 |
|
|
|a unmediated
|b n
|2 rdamedia
|
| 338 |
|
|
|a volume
|b nc
|2 rdacarrier
|
| 490 |
1 |
|
|a Environmental protection technology series ; EPA-600/2-79-034
|
| 500 |
|
|
|a Contract number 68-03-2224.
|
| 500 |
|
|
|a June 1979.
|
| 504 |
|
|
|a Includes bibliographical references.
|
| 650 |
|
0 |
|a Sewage disposal plants
|x Evaluation.
|
| 700 |
1 |
|
|a Rakness, Kerwin L.
|
| 700 |
1 |
|
|a Schultz, James R.
|
| 710 |
2 |
|
|a M & I, inc.
|
| 710 |
2 |
|
|a Municipal Environmental Research Laboratory.
|
| 830 |
|
0 |
|a Research reporting series.
|n 2,
|p Environmental protection technology ;
|v EPA-600/2-79-034.
|
| 999 |
|
|
|a MARS
|
| 999 |
f |
f |
|s da7f2b10-c4e4-38db-b10a-cfee1af03c6c
|i 27040ee7-0101-3f23-bcf8-3aec1089426e
|t 0
|
| 952 |
f |
f |
|p normal
|a Texas A&M University
|b College Station
|c Sterling C. Evans Library
|d Evans: US Documents (Annex 5th floor)
|t 0
|e EP 1.23/2: 600/2-79-034
|h Superintendent of Documents classification
|i unmediated -- volume
|m A14814521667
|
| 998 |
f |
f |
|a EP 1.23/2: 600/2-79-034
|t 0
|l Evans: US Documents (Annex 5th floor)
|